[Event "AUTO-INT-2983"]
[Site "http://www.queenalice.com/game.php?id=1352581"]
[Date "2015.4.9"]
[Round "1"]
[White "dbwright308"]
[Black "gremioimortal"]
[Result "1-0"]
[WhiteElo "1739"]
[BlackElo "1601"]

1. e4 e5 2. d4 Qh4 3. Nf3 Qxe4+ 4. Be3 Nc6 5. Ng5 Qf5 6. Bc4 Nh6 7. g4 Nxg4 8.
Qd2 Bb4 9. c3 h6 10. Nxf7 Rf8 11. cxb4 Qe4 12. Nc3 Qxh1+ 13. Bf1 Nxh2 14. Ke2
Qxf1+ 15. Rxf1 Rxf7 16. Rh1 Ng4 17. Nd5 Kd8 18. Qc3 b6 19. b5 Bb7 20. bxc6 dxc6
21. Rg1 Ba6+ 22. Ke1 cxd5 23. Rxg4 h5 24. Rg6 exd4 25. Qxd4 Bb7 26. Rxg7 Rxg7
27. Qxg7 h4 28. Bg5+ Ke8 29. Qe7# 1-0

[Event "AUTO-INT-2983"]
[Site "http://www.queenalice.com/game.php?id=1352582"]
[Date "2015.4.9"]
[Round "1"]
[White "gremioimortal"]
[Black "Zodiac"]
[Result "0-1"]
[WhiteElo "1591"]
[BlackElo "1750"]

1. e4 e5 2. Qh5 Nc6 3. Bc4 g6 4. Qf3 Nf6 5. c3 Bg7 6. g4 O-O 7. g5 Nh5 8. Nh3 d6
9. Ng1 Qxg5 10. h4 Qg4 11. d3 Na5 12. Nd2 Nxc4 13. Nxc4 Re8 14. Ne3 Qe6 15. Nh3
b6 16. Nd5 Qd7 17. a4 c6 18. Ne3 a5 19. Nc4 Rb8 20. Be3 c5 21. d4 b5 22. axb5
Qxb5 23. Nxd6 Qd7 24. dxc5 Re7 25. Bg5 f6 26. O-O Qxh3 27. Qxh3 Bxh3 28. Rfb1
fxg5 29. hxg5 Ra8 30. b4 a4 31. b5 Rc7 32. b6 Rxc5 33. b7 Rb8 34. Rxa4 Bf8 35.
Ra8 Bxd6 36. Rb6 Bc7 37. Re6 Bxe6 0-1

[Event "AUTO-INT-2983"]
[Site "http://www.queenalice.com/game.php?id=1352583"]
[Date "2015.4.9"]
[Round "1"]
[White "Zodiac"]
[Black "gremioimortal"]
[Result "1-0"]
[WhiteElo "1757"]
[BlackElo "1548"]

1. e4 e5 2. Nf3 Qf6 3. d4 Bb4+ 4. c3 Qb6 5. cxb4 Qxb4+ 6. Bd2 Qxb2 7. Bc3 Qb6 8.
Nxe5 Nh6 9. Bc4 f6 10. Qh5+ Kf8 11. Nf7 Qe6 12. Bxe6 dxe6 13. Bb4+ Kg8 14. Nxh8
Nd7 15. Qe8+ Nf8 16. Qxf8# 1-0

[Event "AUTO-INT-2989"]
[Site "http://www.queenalice.com/game.php?id=1355265"]
[Date "2015.4.23"]
[Round "1"]
[White "gremioimortal"]
[Black "LuisGabriel_HD"]
[Result "0-1"]
[WhiteElo "1642"]
[BlackElo "1868"]

1. e4 e5 2. Qh5 Nf6 3. Qxe5+ Be7 4. Nf3 Nc6 5. Qc3 Nxe4 6. Qxg7 Bf6 7. Qg4 d5 8.
Qf4 Nd4 9. Bd3 Bg5 10. Qe5+ Qe7 11. Qxh8+ Kd7 12. Ne5+ Kd6 13. Nc4+ Kc5 14. b4+
Kc6 15. Ne5+ Kd6 16. Nc4+ Kc6 17. Qxd4 Bf6 18. Na5+ Kd6 19. Nc4+ Kd7 20. Qxd5+
Nd6+ 21. Kd1 Bxa1 22. Ne5+ Bxe5 23. Re1 f6 24. Bf5+ Ke8 25. Qg8+ Qf8 26. Qxh7
Bxf5 27. Qh5+ Kd7 28. c3 Qg8 29. g3 Bg4+ 30. f3 Bxh5 0-1

[Event "AUTO-INT-2989"]
[Site "http://www.queenalice.com/game.php?id=1355266"]
[Date "2015.4.23"]
[Round "1"]
[White "LuisGabriel_HD"]
[Black "gremioimortal"]
[Result "1-0"]
[WhiteElo "1858"]
[BlackElo "1655"]

1. e4 e5 2. Nf3 f6 3. d4 Bb4+ 4. Bd2 Qe7 5. d5 h6 6. Bc4 d6 7. Bxb4 c5 8. dxc6
bxc6 9. Bxd6 Qb7 10. Ba3 c5 11. Bxc5 Qxe4+ 12. Be2 Nd7 13. Nc3 Qg6 14. g3 Nxc5
15. Nxe5 fxe5 16. Bh5 Bg4 17. Bxg6+ Ke7 18. Qxg4 Nf6 19. Qc4 Ne6 20. O-O-O Rhc8
21. Nd5+ Nxd5 22. Qxd5 Rc5 23. Qxa8 Nd4 24. Qxa7+ Kd6 25. Rhe1 Rxc2+ 26. Bxc2
1-0

[Event "AUTO-INT-2989"]
[Site "http://www.queenalice.com/game.php?id=1355267"]
[Date "2015.4.23"]
[Round "1"]
[White "gremioimortal"]
[Black "tango2011"]
[Result "1-0"]
[WhiteElo "1610"]
[BlackElo "1545"]

1. e4 c5 2. Bc4 e6 3. Nf3 d6 4. d3 Nc6 5. Ng5 h6 6. Nf3 Be7 7. a3 Nf6 8. h3 O-O
9. c3 Qc7 10. Bf4 Na5 11. e5 dxe5 12. Bxe5 Qb6 13. b4 Nxc4 14. dxc4 Rd8 15. Qc2
a6 16. g4 Qc6 17. Nbd2 b6 18. g5 hxg5 19. Nxg5 Qxh1+ 20. Nf1 Qe4+ 21. Nxe4 Nh5
22. Qe2 Bb7 23. Qxh5 f6 24. Bxf6 Bxe4 25. Bxe7 Rd3 26. bxc5 bxc5 27. Rd1 Rxd1+
28. Qxd1 Bg2 29. Qg4 Bxf1 30. Bf6 Ra7 31. Qxe6+ Rf7 32. Qe8+ Rf8 33. Qe6+ Rf7
34. Bg5 Bd3 35. Qe8+ Rf8 36. Qe6+ Rf7 37. Qc8+ Rf8 38. Qxc5 Re8+ 39. Kd2 Bg6 40.
f4 Bh5 41. f5 Re2+ 42. Kd3 Rh2 43. f6 Rxh3+ 44. Kd4 gxf6 45. Bxf6 Rf3 46. Qd5+
1-0

[Event "AUTO-INT-2989"]
[Site "http://www.queenalice.com/game.php?id=1355268"]
[Date "2015.4.23"]
[Round "1"]
[White "tango2011"]
[Black "gremioimortal"]
[Result "0-1"]
[WhiteElo "1571"]
[BlackElo "1581"]

1. d4 d5 2. e3 Nf6 3. Bd3 Qd7 4. Nf3 Qg4 5. O-O Nbd7 6. h3 Qe6 7. Ng5 Qd6 8. Nc3
h6 9. Nf3 h5 10. e4 h4 11. e5 Qb6 12. b3 c5 13. Na4 Qc6 14. exf6 Nxf6 15. Ne5
Qd6 16. Ba3 Bg4 17. hxg4 h3 18. Bxc5 h2+ 19. Kh1 Qe6 20. Bf5 Qa6 21. Nf3 e6 22.
Bd3 Qa5 23. Bxf8 Kxf8 24. Nxh2 b5 25. Nc5 Qc7 26. Bxb5 Qxh2# 0-1

[Event "Presidente 7 X 10 Peão"]
[Site "http://www.queenalice.com/game.php?id=1356553"]
[Date "2015.4.30"]
[Round "-"]
[White "alfonso"]
[Black "gremioimortal"]
[Result "0-1"]
[WhiteElo "1511"]
[BlackElo "1597"]

1. Nf3 f6 2. e4 e5 3. Bc4 Nh6 4. h3 c6 5. Nh4 d5 6. exd5 g5 7. Nf3 g4 8. Ng1 a6
9. dxc6 Nxc6 10. f3 Qd4 11. Qe2 Nb4 12. Bb3 Nf5 13. Qd1 Bc5 14. Qe2 Ng3 15. c3
Nd3+ 16. Kd1 Nf2+ 17. Kc2 Bf5+ 18. d3 Bxd3+ 19. Qxd3 Qxd3# 0-1

[Event "Presidente 7 X 11 Peão"]
[Site "http://www.queenalice.com/game.php?id=1362996"]
[Date "2015.6.2"]
[Round "-"]
[White "gremioimortal"]
[Black "alfonso"]
[Result "1-0"]
[WhiteElo "1647"]
[BlackElo "1491"]

1. e4 e5 2. d4 Qf6 3. h3 exd4 4. Nf3 Qe5 5. Nxe5 Bb4+ 6. c3 dxc3 7. bxc3 Bd6 8.
Qd5 Bxe5 9. Qxe5+ Kf8 10. Qxc7 Nc6 11. Ba3+ Ke8 12. Nd2 Nf6 13. e5 Nd5 14. Qd6
Nxc3 15. Bc4 a6 16. O-O b5 17. Bd5 Nxd5 18. Qxd5 Rb8 19. Ne4 b4 20. Nd6+ Ke7 21.
Qxf7+ Kd8 22. Qxg7 bxa3 23. Qxh8+ Kc7 24. Qxh7 Nxe5 25. Rfd1 Kb6 26. Rab1+ Ka7
27. Qe4 Nc6 28. Qe3+ Ka8 29. Rxb8+ Kxb8 30. Rb1+ Kc7 31. Qg3 Na5 32. Nf7+ Kc6
33. Qd6# 1-0

[Event "AUTO-INT-3012"]
[Site "http://www.queenalice.com/game.php?id=1365956"]
[Date "2015.6.17"]
[Round "1"]
[White "tche_elvio"]
[Black "gremioimortal"]
[Result "0-1"]
[WhiteElo "1624"]
[BlackElo "1641"]

1. d4 c6 2. c4 e6 3. Nc3 Qa5 4. e4 Nf6 5. Qf3 Na6 6. a3 Bb4 7. Bd3 Bxc3+ 8. bxc3
Qxc3+ 9. Ke2 Qxa1 10. Nh3 Qxd4 11. Qe3 Qe5 12. f4 Qh5+ 13. Kd2 Ng4 14. Qe2 Qa5+
15. Kc2 Qa4+ 16. Kc3 Nc5 17. Qxg4 Qb3+ 18. Kd4 Nxd3 19. Qf3 e5+ 20. fxe5 c5+ 21.
Kd5 d6 22. exd6 Be6# 0-1

[Event "AUTO-INT-3012"]
[Site "http://www.queenalice.com/game.php?id=1365957"]
[Date "2015.6.17"]
[Round "1"]
[White "gremioimortal"]
[Black "tche_elvio"]
[Result "0-1"]
[WhiteElo "1671"]
[BlackElo "1662"]

1. e4 e6 2. d4 d5 3. Qd3 dxe4 4. Qxe4 Nf6 5. Qe5 Nc6 6. Bb5 Bd7 7. Bxc6 Bxc6 8.
f3 Bd6 9. Qg5 O-O 10. h4 h6 11. Qe3 Bg3+ 12. Kd1 Nd5 13. Qd3 Nf4 14. Bxf4 Bxf4
15. Ne2 Qd6 16. g3 Bxg3 17. Nbc3 a6 18. Rh3 Bxf3 19. Qxf3 Bxh4 20. Rxh4 b5 21.
Ne4 Qe7 22. Rg4 f5 23. Nf6+ Qxf6 24. Rg1 Rad8 25. c3 c5 26. Nf4 cxd4 27. Nh5
dxc3+ 28. Kc2 Rd2+ 29. Kc1 cxb2+ 30. Kxd2 Qd4+ 31. Kc2 Rc8+ 32. Kb3 Qa4+ 33.
Kxb2 Qc2+ 34. Ka3 Qa4+ 35. Kb2 Qc2+ 36. Ka3 Rc3+ 37. Qxc3 Qxc3# 0-1

[Event "AUTO-INT-3012"]
[Site "http://www.queenalice.com/game.php?id=1365970"]
[Date "2015.6.17"]
[Round "1"]
[White "gremioimortal"]
[Black "leking"]
[Result "0-1"]
[WhiteElo "1657"]
[BlackElo "1670"]

1. e4 e5 2. d4 exd4 3. Qxd4 Ne7 4. Nf3 Nbc6 5. Qc4 d5 6. exd5 Nxd5 7. Bg5 Be7 8.
Qe4 f6 9. Bc4 fxg5 10. Nxg5 Nf6 11. Bf7+ Kf8 12. Ne6+ Bxe6 13. Qxe6 Bb4+ 14. c3
Nd4 15. Qc4 Nc2+ 16. Ke2 Nxa1 17. Rd1 Qe7+ 18. Be6 Bd6 19. Kf1 Nc2 20. h3 Rd8
21. Rd2 Be5 22. Rxd8+ Qxd8 23. Qc5+ Qe7 24. Qxe5 Qd6 25. Qe2 a6 26. Nd2 g6 27.
Nc4 Qe7 28. Qxc2 Qxe6 29. Qd3 Kg7 30. f3 Qd7 31. Ne5 Qxd3+ 32. Nxd3 b6 33. Ne5
Rd8 34. Ke2 Re8 35. f4 h5 36. Kf3 Re6 37. g4 hxg4+ 38. hxg4 g5 39. b4 b5 40.
fxg5 Rxe5 41. gxf6+ Kxf6 42. Kf4 c5 43. g5+ Ke6 44. g6 Rf5+ 45. Kg4 Rd5 46. g7
Rd8 47. bxc5 Kf6 48. g8=Q Rxg8+ 49. Kf4 Rg5 50. c6 Rc5 51. Ke4 Rxc6 52. Kd5 Rxc3
53. Kd4 Ra3 54. Kc5 Rxa2 55. Kd6 Rc2 56. Kd5 b4 0-1

[Event "AUTO-INT-3012"]
[Site "http://www.queenalice.com/game.php?id=1365971"]
[Date "2015.6.17"]
[Round "1"]
[White "leking"]
[Black "gremioimortal"]
[Result "0-1"]
[WhiteElo "1631"]
[BlackElo "1656"]

1. e4 e5 2. Nf3 f6 3. d4 c5 4. d5 a6 5. Nc3 d6 6. h3 h6 7. Be2 a5 8. a4 f5 9.
Nd2 g6 10. exf5 Bxf5 11. g4 Bd7 12. Nde4 Be7 13. h4 Qb6 14. b3 Nf6 15. Nxf6+
Bxf6 16. Nb5 e4 17. Be3 h5 18. Rb1 Na6 19. c3 Bxb5 20. Bxb5+ Kf7 21. Qc2 Rae8
22. O-O hxg4 23. Bg5 Bxg5 24. hxg5 Qd8 25. Bxa6 Qxg5 26. Bb5 Qh4 27. f3 Qh1+ 0-1

[Event "AUTO-INT-3012"]
[Site "http://www.queenalice.com/game.php?id=1365972"]
[Date "2015.6.17"]
[Round "1"]
[White "gremioimortal"]
[Black "Cajucarol"]
[Result "1-0"]
[WhiteElo "1631"]
[BlackElo "1491"]

1. e4 e5 2. d4 exd4 3. Qxd4 Be7 4. Qxg7 Bf8 5. Qxh8 Ke7 6. Qxg8 Bg7 7. Qxg7 b6
8. Bg5+ Kd6 9. Qd4+ Ke6 10. Bxd8 Nc6 11. Qd5# 1-0

[Event "AUTO-INT-3012"]
[Site "http://www.queenalice.com/game.php?id=1365973"]
[Date "2015.6.17"]
[Round "1"]
[White "Cajucarol"]
[Black "gremioimortal"]
[Result "0-1"]
[WhiteElo "1347"]
[BlackElo "1635"]

1. d4 d5 2. g3 e6 3. Nf3 f6 4. Bh3 c5 5. dxc5 Qa5+ 6. Bd2 Qxc5 7. Nc3 h6 8. O-O
d4 9. Ne4 Qb6 10. b3 h5 11. Bf4 e5 12. Bxc8 Na6 13. Nxe5 fxe5 14. Bxe5 Rxc8 15.
Bxd4 Qe6 16. f3 Nb4 17. Bxa7 h4 18. gxh4 Qg6+ 19. Ng5 Rxh4 20. Qd2 Bd6 21. Kf2
Rxh2+ 22. Kg1 Nxc2 23. Rac1 Rc5 24. Bxc5 Rh1+ 25. Kg2 Qh5 26. Rxh1 Qg6 27. Bxd6
Nf6 28. Qxc2 Qxg5+ 29. Bg3 Kf8 30. f4 Qd5+ 31. e4 Nxe4 32. Qc7 Ng5+ 33. Kf2 Qf3+
34. Kg1 Qxg3+ 35. Kf1 Qf3+ 36. Kg1 Qe3+ 37. Kg2 Qd2+ 38. Kg3 Ne4+ 39. Kf3 Qd3+
40. Kg4 Qg3+ 41. Kf5 Nf6 42. Rh8+ Ng8 43. Qxb7 g6+ 44. Ke5 Qe3+ 45. Kd5 Qf3+ 46.
Kd6 Qxb7 47. Rc7 Qb4+ 48. Kc6 Qc3+ 49. Kd6 Qxh8 50. a4 Qd4+ 51. Kc6 Ne7+ 52. Kb5
Qd5+ 53. Kb4 Nc6+ 54. Ka3 Qd6+ 55. b4 Qxb4+ 56. Ka2 Qxa4+ 57. Kb2 Qb4+ 58. Kc2
Nd4+ 59. Kd3 Qb6 60. Rc8+ Kg7 61. Ke4 Nf5 62. Re8 Qc6+ 63. Ke5 Qxe8+ 64. Kd5
Qb5+ 65. Ke6 Qc4+ 66. Kd7 Qxf4 67. Ke6 Qd6# 0-1

[Event "Presidente 7 X 12 Peão"]
[Site "http://www.queenalice.com/game.php?id=1376145"]
[Date "2015.8.7"]
[Round "-"]
[White "gremioimortal"]
[Black "alfonso"]
[Result "1-0"]
[WhiteElo "1691"]
[BlackElo "1450"]

1. e4 e5 2. d4 Qe7 3. Nf3 f6 4. Nc3 c6 5. h3 b5 6. dxe5 fxe5 7. Ng5 h6 8. Qh5+
Kd8 9. Nf7+ Kc7 10. Nxh8 Nf6 11. Qf5 d6 12. Qf3 Qe8 13. a4 b4 14. Na2 c5 15. g4
a6 16. b3 Be7 17. c3 a5 18. cxb4 cxb4 19. g5 Nh7 20. Nf7 hxg5 21. Bb5 Be6 22.
Bxe8 Na6 23. Bb5 Nc5 24. Bc4 Bxc4 25. bxc4 Rf8 26. h4 g4 27. Qf5 Nd3+ 28. Kd2
Nf6 29. Kxd3 Rxf7 30. Qe6 Nxe4 31. Qxf7 Nxf2+ 32. Qxf2 b3 33. Qa7+ Kd8 34. Qxa5+
Kd7 35. Qb5+ Ke6 36. Qxb3 Kd7 37. h5 g3 38. Rg1 Bh4 39. Qb7+ Ke6 40. Qxg7 Kf5
41. Rf1+ Ke6 42. h6 g2 43. Qxg2 Kd7 44. Qb7+ Ke8 45. h7 Be7 46. h8=Q+ Bf8 47.
Qxf8# 1-0

[Event "AUTO-INT-2975"]
[Site "http://www.queenalice.com/game.php?id=1391917"]
[Date "2015.11.1"]
[Round "2"]
[White "piemme"]
[Black "gremioimortal"]
[Result "0-1"]
[WhiteElo "1635"]
[BlackElo "1677"]

1. e4 e5 2. Qh5 Nc6 3. Bb5 Nf6 4. Qd1 Nxe4 5. Bxc6 Qf6 6. Bxe4 Bc5 7. Nf3 a5 8.
d3 Ba7 9. Bg5 Qb6 10. b3 Qxf2# 0-1

[Event "AUTO-INT-2975"]
[Site "http://www.queenalice.com/game.php?id=1391918"]
[Date "2015.11.1"]
[Round "2"]
[White "gremioimortal"]
[Black "piemme"]
[Result "1-0"]
[WhiteElo "1697"]
[BlackElo "1613"]

1. e4 e5 2. Qh5 Nf6 3. Qxe5+ Qe7 4. Qxc7 Qxe4+ 5. Ne2 Nc6 6. d3 Qa4 7. Nbc3 Qxc2
8. Qg3 Bb4 9. Qe3+ Ne7 10. Nd4 Bxc3+ 11. bxc3 Qxc3+ 12. Bd2 Qxa1+ 13. Ke2 Qxa2
14. Nf5 Qa3 15. Nxg7+ Kf8 16. Qh6 Neg8 17. Ne6+ Ke7 18. Qf8+ Kxe6 19. Qxa3 b6
20. Qb3+ d5 21. g3 Ne7 22. Bc3 h5 23. Bh3+ Kd6 24. Qb4+ Kc6 25. Bxf6 Bxh3 26.
Rc1+ Kb7 27. Qxe7+ Kb8 28. Qc7# 1-0

[Event "Presidente 7 X 13 Peão "]
[Site "http://www.queenalice.com/game.php?id=1401790"]
[Date "2016.1.2"]
[Round "-"]
[White "alfonso"]
[Black "gremioimortal"]
[Result "0-1"]
[WhiteElo "1463"]
[BlackElo "1710"]

1. Nf3 f6 2. e4 e5 3. Bc4 Ne7 4. O-O a6 5. Nc3 c6 6. Nh4 g6 7. g3 b5 8. Be2 d6
9. d3 g5 10. Nf3 h5 11. Nd2 h4 12. g4 h3 13. b3 Qa5 14. Bb2 Qb6 15. a3 Ng6 16.
Nf3 Bxg4 17. Nb1 Bxf3 18. Bxf3 Nd7 19. Bg4 Nc5 20. Bf5 Nf4 21. b4 Nb7 22. Qf3
Rh4 23. Bc1 Nh5 24. Be3 Qc7 25. Bg6+ Kd8 26. Bxh5 g4 27. Qxf6+ Be7 28. Qf5 a5
29. Qf7 Kd7 30. Bg5 Rxh5 31. Qxe7+ Kc8 32. Qf8+ Nd8 33. Bd2 Kb7 34. bxa5 Nf7 35.
Qg7 Rg5 36. Bxg5 Rh8 37. Be3 Ka6 38. Bd2 Qd7 39. f4 g3 40. hxg3 h2+ 41. Kh1 Qh3
42. Rf3 exf4 43. Bxf4 Qg2+ 44. Kxg2 h1=Q+ 45. Kf2 Rh2+ 46. Ke3 Qg1+ 47. Rf2
Qxf2# 0-1

[Event "Presidente 8 X 14 Peão "]
[Site "http://www.queenalice.com/game.php?id=1436511"]
[Date "2016.8.16"]
[Round "-"]
[White "gremioimortal"]
[Black "alfonso"]
[Result "1-0"]
[WhiteElo "1689"]
[BlackElo "1464"]

1. e4 e5 2. Qh5 Qf6 3. Qf3 Qe6 4. Nh3 Qg6 5. Nf4 exf4 6. Qxf4 d6 7. Bb5+ c6 8.
Bd3 Qe6 9. Na3 f6 10. Nc4 b5 11. Nxd6+ Bxd6 12. Qf3 Nh6 13. h3 Nd7 14. O-O Ne5
15. Qh5+ Ng6 16. a4 b4 17. e5 fxe5 18. Be4 Bb7 19. d3 O-O-O 20. a5 a6 21. Bxh6
1-0